000 00412nam a22001577a 4500
003 MPLRDC
005 20220104144221.0
008 210129b ||||| |||| 00| 0 eng d
082 _a050.1 DZWZ v.7 2000 c.2*
100 _a冯强总编辑
245 _a读者文摘. 七月号2000
_c
260 _a
_b读者文摘亚洲有限公司
_c2000
300 _b
650 _a
942 _cBK
_o050.1 DZWZ v.7 2000 c.2*
999 _c47517
_d47507